书目信息 |
| 题名: |
刑法学
|
|
| 作者: | 高铭暄 , 马克昌 主编 | |
| 分册: | ||
| 出版信息: | 北京 北京大学出版社 2000 |
|
| 页数: | 697页 | |
| 开本: | 23cm | |
| 丛书名: | ||
| 单 册: | ||
| 中图分类: | D924.01 | |
| 科图分类: | ||
| 主题词: | 法律--中国 , 刑法--法学--高等学校--教材 | |
| 电子资源: | ||
| ISBN: | 7-301-04606-5 | |
| 000 | 00782nam0 2200265 45 | |
| 001 | 0198018395 | |
| 005 | 20070625081724.90 | |
| 010 | @a7-301-04606-5@dCNY48.00 | |
| 100 | @a19980318d2000 em y0chiy0121 ea | |
| 101 | 0 | @achi |
| 102 | @aCN@b110000 | |
| 105 | @ay z 000yy | |
| 200 | 10 | @a刑法学@Axing fa xue@f高铭暄,马克昌主编@Fgao ming xuan,ma ke chang zhu bian |
| 210 | @a北京@c北京大学出版社@d2000@h2004 | |
| 215 | @a697页@d23cm | |
| 300 | @a面向21世纪课程教材 | |
| 300 | @a全国高等学校法学专业核心课程教材 | |
| 300 | @a普通高等教育"九五"国家级重点教材 | |
| 606 | 0 | @a法律@x中国 |
| 606 | @a刑法@x法学@x高等学校@x教材 | |
| 690 | @aD924.01@v3 | |
| 701 | 0 | @a高铭暄@4主编 |
| 701 | 0 | @a马克昌@Ama ke chang@4主编 |
| 801 | @aCN@bTSTC@c20070625 | |
| 905 | @dD924.01@e309 | |
| 刑法学/高铭暄,马克昌主编.-北京:北京大学出版社,2000(2004) |
| 697页;23cm |
| 面向21世纪课程教材.-全国高等学校法学专业核心课程教材.-普通高等教育"九五"国家级重点教材 |
| ISBN 7-301-04606-5:CNY48.00 |
| ● |
| 相关链接 |
|
|
|
|
正题名:刑法学
索取号:D924.01/309
 
预约/预借
| 序号 | 登录号 | 条形码 | 馆藏地/架位号 | 状态 | 备注 |
| 1 | 0675778 | 206757785 | 第一样本阅览室/ [索取号:D924.01/309] | 在馆 | |
| 2 | 0675779 | 206757794 | 密集书库/ [索取号:D924.01/309] | 在馆 | |
| 3 | 0675780 | 206757801 | 密集书库/ [索取号:D924.01/309] | 在馆 | |
| 4 | 0675781 | 206757810 | 密集书库/ [索取号:D924.01/309] | 在馆 | |
| 5 | 0675782 | 206757829 | 密集书库/ [索取号:D924.01/309] | 在馆 |